Normal view
MARC view
- ELECTRIC TECHNICIAN
Entry Personal Name
001 - CONTROL NUMBER
- control field: 77283
003 - CONTROL NUMBER IDENTIFIER
- control field: NUST
005 - DATE AND TIME OF LATEST TRANSACTION
- control field: 20210628205845.0
008 - FIXED-LENGTH DATA ELEMENTS
- fixed length control field: 210628|| aca||aabn | a|a d
040 ## - CATALOGING SOURCE
- Original cataloging agency: NUST
- Transcribing agency: NUST
100 ## - HEADING--PERSONAL NAME
- Personal name: ELECTRIC TECHNICIAN
670 ## - SOURCE DATA FOUND
- Source citation: Work cat.: (NUST): ELECTRIC TECHNICIAN, TELEVISION TRUOBLESHOOTER'S HANDBOOK BLACK & WHITE/COLOUR, 1974
